The Song of Beren and Lúthien - Statistics

General Stats
  • This quiz has been taken 13 times
  • The average score is 232 of 420
Answer Stats
Answer % Correct
The
100%
the
100%
was
100%
were
100%
where
100%
Where
100%
a
90%
A
90%
Beren
90%
he
90%
He
90%
To
90%
to
90%
and
80%
And
80%
by
80%
By
80%
Of
80%
of
80%
She
80%
she
80%
she,
80%
song
80%
they
80%
When
80%
as
70%
As
70%
grass
70%
green
70%
long,
70%
Long
70%
long
70%
moon
70%
them
70%
came
60%
fell
60%
forest
60%
from
60%
hair
60%
him
60%
his
60%
His
60%
Immortal
60%
in
60%
In
60%
lay
60%
light
60%
mountains
60%
on
60%
star
60%
stars
60%
That
60%
that
60%
there
60%
There
60%
Tinúviel
60%
Tinúviel!
60%
under
60%
Upon
60%
ago
50%
arms
50%
at
50%
but
50%
dancing
50%
door
50%
Elven
50%
Elvish
50%
eyes
50%
fair
50%
feet
50%
feet,
50%
grey
50%
her
50%
Her
50%
her:
50%
into
50%
last
50%
leaves
50%
left
50%
lost
50%
maiden
50%
met
50%
more
50%
name
50%
passed,
50%
passed
50%
shadow
50%
silver
50%
sing
50%
still
50%
tall
50%
water
50%
woods
50%
yet
50%
again
40%
Again
40%
away
40%
between
40%
bore
40%
called
40%
cold
40%
dance
40%
darkling
40%
doom
40%
falling
40%
fate
40%
fled
40%
fled,
40%
flowers
40%
following
40%
glade
40%
glimmering
40%
gold
40%
laid
40%
like
40%
Like
40%
linden-leaves
40%
lonely
40%
longed
40%
looked
40%
mist
40%
morrowless
40%
music
40%
O'er
40%
once
40%
over
40%
peered
40%
pipe
40%
ray
40%
roam
40%
rolled
40%
saw
40%
Seas
40%
seen
40%
shadowy
40%
singing
40%
skies
40%
sorrowless
40%
spell
40%
spring
40%
strewn
40%
strong
40%
Sundering
40%
thickly
40%
Through
40%
unseen
40%
voice
40%
wandered
40%
way
40%
winter
40%
years
40%
About
30%
danced,
30%
doomed
30%
Elven-river
30%
Elven-wise
30%
far
30%
forth
30%
glistening
30%
halls
30%
halted
30%
hastened,
30%
healed
30%
hemlock-leaves
30%
hemlock-umbels
30%
high
30%
hills
30%
hill-top
30%
hollows
30%
home
30%
lark,
30%
lightly
30%
listening
30%
mantle
30%
nightshade
30%
Now
30%
one
30%
One
30%
raiment
30%
rain
30%
released
30%
rising
30%
shadows
30%
shimmering
30%
sighing
30%
silent
30%
sleeves
30%
sorrowing
30%
sought
30%
sound
30%
starlight
30%
stony
30%
sudden
30%
swift
30%
underground
30%
untroubling
30%
weary
30%
welling
30%
with
30%
woven
30%
alone
20%
beachen
20%
bubbling
20%
cast
20%
Elven-fair
20%
Enchantment
20%
ever,
20%
fleet
20%
flying
20%
glinted
20%
grasped
20%
heard
20%
hemlock-sheaves
20%
hidden
20%
mirrored
20%
moment
20%
moonbeams
20%
oft
20%
Or
20%
quivering
20%
stood
20%
walked
20%
wandering
20%
wavering
20%
Whispering
20%
withered
20%
Within
20%
wonder
20%
Elven-flowers
10%
frosty
10%
heavens
10%
ireon
10%
melting
10%
quavering
10%
shivering
10%
trembling
10%
wintry
10%
woodland
10%
No matching quizzes found
Score Distribution
Percent of People with Each Score
Percentile by Number Answered
Your Score History
You have not taken this quiz